000 00399nam a2200181Ia 4500
008 151202s9999||||xx |||||||||||||| ||und||
082 _bPNVM-2775
100 _aFISCHER LOUIS.
245 _aEMPIRE.
260 _b"D.DOBSON, LODNON."
260 _c1945
300 _a0
600 _aFISCHER LOUIS.
630 _aEMPIRE.
700 _aFISCHER LOUIS.
730 _aEMPIRE.
942 _cBOOK
999 _c1268773
_d1268770